000 00476nam a22001817a 4500
008 201016b ||||| |||| 00| 0 eng d
020 _a9789386231291
041 _ahin
082 _a954.035092
_bSHD
100 _aUpadhyaya Deendayal
110 _aSharma Mahesh Chander
245 _aDeendayal Upadhyaya Sampoorna Vangmaya (Vol-14)
260 _aNew Delhi
_bPrabhat Prakashan
_c2017
300 _a267p.
440 _vVol.14
650 _aGENERAL BOOKS
942 _cBK
999 _c48224
_d48224